Estabilización de arenas

Bewaard in:
Bibliografische gegevens
Hoofdauteur: Font Torres, Guillermo
Formaat: Boek
Gepubliceerd in: San José, Costa Rica 1987
Onderwerpen:
Tags: Voeg label toe
Geen labels, Wees de eerste die dit record labelt!

MARC

LEADER 00000nam a2200000Ia 4500
003 004453
005 20221231144345.0
008 140114s1987 cr a m 000 ||s d
040 |c cru CEDI 
090 |a TFG 2054 
100 |a Font Torres, Guillermo  |9 13681 
245 |a Estabilización de arenas 
260 |c 1987  |a San José, Costa Rica 
300 |a  vii, 278 hojas : ilustraciones ; 28 cm  
500 |a  Proyecto de graduacion (licenciatura en ingeniería civIl)--Universidad de Costa Rica. Facultad de Ingeniería. Escuela de Ingeniería Civil 
650 |x ARENA  |9 13682 
942 |c TFG 
999 |c 20675  |d 20675